| Tag |
First Indicator |
Second Indicator |
Subfields |
| LEADER |
00000cam a2200000 4500 |
| 001 |
in00000605621 |
| 005 |
20151014162138.0 |
| 008 |
720321s1946 nyu b 00000 eng |
| 010 |
|
|
|a 47023298
|
| 035 |
|
|
|a (OCoLC)00268594
|
| 035 |
|
|
|9 ACS1507AM
|
| 040 |
|
|
|c OUN
|d TXA
|d UtOrBLW
|
| 049 |
|
|
|a TXAM
|c [1163994]
|
| 050 |
|
0 |
|a PN1126
|b .T5
|
| 082 |
0 |
|
|a 808.1
|
| 100 |
1 |
|
|a Thomson, George Derwent.
|
| 245 |
1 |
0 |
|a Marxism and poetry.
|
| 264 |
|
1 |
|a New York :
|b International Publishers,
|c [1946]
|
| 264 |
|
4 |
|c [©1946]
|
| 300 |
|
|
|a 71 pages ;
|c 19 cm.
|
| 336 |
|
|
|a text
|b txt
|2 rdacontent
|
| 337 |
|
|
|a unmediated
|b n
|2 rdamedia
|
| 338 |
|
|
|a volume
|b nc
|2 rdacarrier
|
| 504 |
|
|
|a "Reference notes": pages 69-71.
|
| 650 |
|
0 |
|a Poetry
|x History and criticism.
|
| 999 |
|
|
|a MARS
|
| 999 |
f |
f |
|s f69f9d6b-a57b-3bba-bac1-491a1e684555
|i d81b57cf-d146-3779-99b4-26bf8159da3f
|t 0
|
| 952 |
f |
f |
|p ric
|a Texas A&M University
|b Rellis Campus
|c Joint Library Facility
|d Remote Storage
|t 0
|e PN1126 .T5
|h Library of Congress classification
|i unmediated -- volume
|m A14842765977
|
| 998 |
f |
f |
|a PN1126 .T5
|t 0
|l Remote Storage
|